000 00884cam a22002773a 4500
001 6851
003 PGUSA
005 20140828083137.0
008 041101s2004||||xxu|||||s|||||000 1 eng d
040 _aPGUSA
_beng
042 _adc
050 4 _aPZ
100 1 _aEmerson, Alice B.
245 1 0 _aRuth Fielding at Snow Camp; Or, Lost in the Backwoods
_h[electronic resource] /
_cAlice B. Emerson
260 _bProject Gutenberg,
_c2004
506 _aPublic domain in the USA.
516 _aElectronic text
653 _aCanada -- Juvenile fiction
653 _aFielding, Ruth (Fictitious character) -- Juvenile fiction
653 _aAdventure and adventurers -- Juvenile fiction
653 _aMystery and detective stories
653 _aVacations -- Juvenile fiction
830 0 _aProject Gutenberg
_v6851
856 4 0 _uhttp://www.gutenberg.org/ebooks/6851
942 _cEB
999 _c236171
_d236171